Trouver le joueur NBA / Niveau 2 #1 - Statistiques

Statistiques générales
  • Ce quiz a été pris 381 fois
  • Le résultat moyen est 14 sur 16
Statistiques - réponses
Par images Réponse % Correct
LaMelo Ball
97%
Karl-Anthony Towns
94%
Brook Lopez
93%
Jamal Murray
93%
Nicolas Batum
93%
De'Aaron Fox
92%
Bam Adebayo
91%
Kyle Kuzma
88%
D'Angelo Russell
87%
Jrue Holiday
87%
Chet Holmgren
86%
Brandon Ingram
83%
Julius Randle
83%
Lauri Markkanen
82%
Mikal Bridges
80%
Jaren Jackson Jr.
79%
Aucun quiz correspondant
Distribution des résultats
% des personnes avec chaque résultat
Percentile par nombre de réponses
Votre historique - résultats
Vous n’avez pas pris ce quiz